[Event "Athens PAO CC-ch 16th"]
[Site "Athens"]
[Date "2024.03.01"]
[Round "7"]
[White "Chompas, Vasileios"]
[Black "Karvountzis, Ioannis Chrysostomo"]
[Result "1-0"]
[WhiteElo "1651"]
[BlackElo "1328"]
[PlyCount "83"]
[EventDate "2024.01.19"]
[EventType "swiss"]
[EventRounds "7"]
[EventCountry "GRE"]
[SourceTitle "CB16_2024"]
[SourceDate "2024.04.17"]
[SourceVersion "1"]
[SourceVersionDate "2024.04.17"]
[SourceQuality "1"]

1. e4 e5 2. Nf3 Nc6 3. Bb5 a6 4. Ba4 Nf6 5. d3 Bc5 6. 0-0 b5 7. Bb3 d6 8. c3 Bg4 9. h3 Bh5 10. Nbd2 h6 11. Re1 Bb6 12. Nf1 Na5 13. Bc2 0-0 14. Ng3 Bxf3 15. Qxf3 Nc6 16. Nf5 Nh7 17. Qg4 Ng5 18. h4 Ne6 19. Bb3 Qf6 20. Bd5 Kh7 21. Bxc6 Rad8 22. Be3 Rg8 23. Bxb6 cxb6 24. g3 g6 25. Ne3 h5 26. Qe2 Kh6 27. Nd5 Qh8 28. Qe3+ g5 29. Ne7 Nf4 30. Nxg8+ Rxg8 31. Kh2 Qf6 32. Rg1 g4 33. Rh1 Kh7 34. Kg1 Rg7 35. gxf4 exf4 36. Qd4 Qe7 37. Qd5 f3 38. Qxh5+ Kg8 39. Qf5 Qc7 40. Qd7 Qxd7 41. Bxd7 g3 42. fxg3 1-0